| 000 | 00523nam a22001337a 4500 | ||
|---|---|---|---|
| 005 | 20241221091357.0 | ||
| 008 | 241002b |||||||| |||| 00| 0 eng d | ||
| 100 |
_aSantos, Dante Tirol. _eauthor. _961989 |
||
| 245 |
_aCauses of dropping out in three private secodary schools in Paniqui, Tarlac / _cDante Tirol Santos. |
||
| 260 |
_aPhilippines; _bPublishers Association of the Philippines, Inc., _cDecember 2018. |
||
| 300 | _aVolume 66, pages 250-254. | ||
| 700 |
_aSantos, Dante Tirol. _eauthor. _961991 |
||
| 942 |
_2ddc _cPER |
||
| 999 |
_c22098 _d22098 |
||